LEADER 01203nam a2200313 i 4500 001 000000168932 003 CaOOAMICUS 005 20220502104014.0 008 160225s1992 it u000 u ita u 013 $a146334 020 $a88-425-1134-X 040 $aSeMil$bita 100 1 $aPetrarca, Francesco,$d<1304-1374>.$0(OLS)http://semarc/name/619 245 13$aIl mio segreto =$bSecretum /$cFrancesco Petrarca. 246 01$aSecretum 250 $a4. Edizione. 260 $aMilano :$bMursia,$ccopyr. 1992. 300 $a419 p. ;$c19 cm. 490 0 $aGUM N. S ;$v213 500 $aContiene : Bibliografia ; Nota biografica. - In copertina : Edizione commentata con testo a fronte. 830 0$aGUM. Nuova serie ;$v213.$0(OLS)http://semarc/title/20952 850 $aSeMil 852 $aSeMil$W1$xVenegono$y1$m1A I 95$j119915$B119915$CSeMilBibl$Z2$F131089 $81 961 $aOmaggio: Altro 996 $6020$a88-425-1134-X$9(OLS)http://semarc/number/155767 996 $6245$aIl mio segreto =$bSecretum$9(OLS)http://semarc/title/241613 996 $6246$aSecretum$9(OLS)http://semarc/title/241614 996 $6260$aMilano :$bMursia$9(OLS)http://semarc/publisher/30230 LEADER 01087nam a2200265 i 4500 001 000000118716 003 CaOOAMICUS 005 20031007000000.0 008 031007s1984 it u000 u ita u 013 $a91409 040 $aSeMil$bita 100 1 $aCabra, Pier Giordano,$c.$0(OLS)http://semarc/name/7172 245 10$aCon tutta l'anima :$bmeditazione sull'obbedienza /$cPier Giordano Cabra. 260 $aBrescia :$bQueriniana,$c1984. 300 $a146 p. ;$c20 cm. 490 0 $aMeditazioni ;$v60 500 $aIn preliminari : Dedica autografa dell'autore. - Card. C.M. Martini. 650 4$aObbedienza - Meditazioni.$0(OLS)http://semarc/subject/22168 830 0$aMeditazioni ;$v60.$0(OLS)http://semarc/title/6156 850 $aSeMil 852 $aSeMil$W1$xVenegono$y1$m2F I 378$j265158$B74006$CSeMilBibl$Z2$F93013 $81 941 1 $a4 961 $aOmaggio: Martini Card. Carlo Maria 996 $6245$aCon tutta l'anima :$bmeditazione sull'obbedienza$9(OLS)http://semarc/title/174425 996 $6260$aBrescia :$bQueriniana$9(OLS)http://semarc/publisher/29615